000 00435nam a2200193Ia 4500
999 _c13192
_d13192
001 12412
003 PK-LaUMT
005 20221116144123.0
008 140401s9999 xx 000 0 und d
020 _a1-56884-492-1
040 _cPK-LaUMT
082 _a 220
_bMCC-F
100 _aMcClelland, Deke
245 _aFreehand 5 bible
_cMcClelland, Deke
260 _c1995
300 _a739 p.
546 _aEN
942 _cSTK2001
_2ddc